000 01189cam a22003257a 4500
003 CHAP
005 20220329133706.0
008 971013s1993 r 00010 d
010 _a9554
011 _a10526
035 _a9763
040 _cCHAP
090 _aTesis
100 0 0 _aToxtle Tlamani, José Silvestre.
_9114469
245 1 3 _aEl papel de la ganadería de traspatio en las zonas rurales cercanas a las ciudades ; casos
_b: Coronango, Puebla y Panotla, Tlaxcala
260 _aPuebla, Pue. :
_bEl autor,
_c1993
300 _a165 h.
502 _aTesis (M.C. en Estrategias para el Desarrollo Agrícola Regional) -- C.P. Programa en Estrategias para el Desarrollo Agrícola Regional
590 _aALEPH
_b10
_c20130110
_lUCH01
_h1225
590 _aBATCH-UPD
_b10
_c20130110
_lUCH01
_h2120
590 _aBATCH-UPD
_b10
_c20130410
_lUCH01
_h1430
590 _aBATCH-UPD
_b10
_c20130914
_lUCH01
_h1455
590 _aCONVERSION
_b10
_c20130109
_lUCH01
_h1306
650 1 4 _aGanadería
_xPuebla.
_944838
650 1 4 _aGanadería
_xTlaxcala.
_944854
901 _aBK
942 _cFOLL
949 _bBC
_cTES
_d-20835
_eTS1
_h26527
_i9763
_si
949 _bBC
_cTES
_d-20836
_eTS2
_fc.2
_h26528
_i9763
_si
999 _c9554
_d9554